000 03615nam2a2200361 4500
001 RU\NLR\BIBL_A\012586652
005 20220803192205.0
010 _a978-5-7577-0631-3
_9100
021 _aRU
_bКН-П-21-028628
_9КН-П-21-2215
035 _a(NLR Aleph) 012586652
090 _a12539195
_c12539195
100 _a20210827d2020 k y0rusy50 ca
101 0 _arus
_aeng
102 _aRU
105 _aa|||z|||101zy
200 0 _aВып. 4
_eтруды [семинаров "Компьютерная лингвистика" и "International workshop computational linguistics", проходивших в рамках] XXIII Международной объединенной научной конференции "Интернет и современное общество", IMS-2020, Санкт-Петербург, 17-20 июня 2020 г., [проходившей в рамках Недели технологий информационного общества]
_fМинистерство образования и науки Российской Федерации, Университет ИТМО, Некоммерческое партнерство ПРИОР Северо-Запад
210 _d2020
215 _a127, [5] с.
_cил.
300 _aЧасть текста англ.
313 _aКорпусная лингвистика
320 _aБиблиогр. в конце ст.
320 _aАвт. указ. в конце кн.
461 0 _1001RU\NLR\BIBL_A\011805690
_12001#$aКомпьютерная лингвистика и вычислительные онтологии$eсборник научных статей [конференций]$fМинистерство образования и науки Российской Федерации, Университет ИТМО$g[ответственный редактор: В. П. Захаров]$vВып. 4
_911890400
_cСанкт-Петербург
_d2017
_fМинистерство образования и науки Российской Федерации, Университет ИТМО
_nУниверситет ИТМО
_oсборник научных статей [конференций]
_tКомпьютерная лингвистика и вычислительные онтологии
_vВып. 4
606 1 _aКорпусная лингвистика
_jСъезды, совещания и т.п
_92408568
_3RU\NLR\AUTH\661435242
711 1 2 _a"Интернет и современное общество", международная объединенная научная конференция
_d23
_eСанкт-Петербург
_f2020
_9765342
_3RU\NLR\AUTH\880549819
711 1 2 _aНеделя технологий информационного общества
_eСанкт-Петербург
_f2020
_9765344
_3RU\NLR\AUTH\880549820
711 1 2 _a"Компьютерная лингвистика", международный семинар
_eСанкт-Петербург
_f2020
_9765346
_3RU\NLR\AUTH\880549821
711 1 2 _7ca
_7ba
_a"International workshop computational linguistics", семинар
_eСанкт-Петербург
_f2020
_9765353
_3RU\NLR\AUTH\880549824
942 _cBOOK
980 _aNB